Current perspectives in dysphasia /

Bibliographic Details
Other Authors: Newman, S. P. (Stanton P.), Epstein, Ruth
Format: Book
Language:English
Published: Edinburgh ; New York : Churchill Livingstone, 1985.
Subjects:

MARC

Tag First Indicator Second Indicator Subfields
LEADER 00000pam a2200000 a 4500
001 in00000564591
005 20151014064129.0
008 840502s1985 stka b 00100 eng
010 |a  84009613  
020 |a 0443030391 :  |c 12.50 
035 |a (OCoLC)10780848 
035 |9 ACN5321AM 
039 0 |a 2  |b 3  |c 3  |d 3  |e 3 
040 |a DLC  |c DLC  |d TXA  |d UtOrBLW 
049 |a TXAM  |c [A08441003] 
050 1 0 |a RC425  |b .C87 1985 
060 0 |a WL 340.5 C976 
082 0 |a 616.85/52  |2 19 
245 0 0 |a Current perspectives in dysphasia /  |c edited by Stanton Newman, Ruth Epstein. 
264 1 |a Edinburgh ;  |a New York :  |b Churchill Livingstone,  |c 1985. 
300 |a 237 pages :  |b illustrations ;  |c 23 cm. 
336 |a text  |b txt  |2 rdacontent 
337 |a unmediated  |b n  |2 rdamedia 
338 |a volume  |b nc  |2 rdacarrier 
504 |a Includes bibliographies and index. 
650 0 |a Aphasia. 
650 2 |a Aphasia. 
700 1 |a Newman, S. P.  |q (Stanton P.) 
700 1 |a Epstein, Ruth. 
999 |a MARS 
999 f f |s 5fc72eeb-3f49-37a8-b982-3a68e1bf0c30  |i d85387f8-e217-3fcd-990c-4872cafb4a9b  |t 0 
952 f f |p ric  |a Texas A&M University  |b Rellis Campus  |c Joint Library Facility  |d Remote Storage  |t 0  |e RC425 .C87 1985  |h Library of Congress classification  |i unmediated -- volume  |m A14808441003 
998 f f |a RC425 .C87 1985  |t 0  |l Remote Storage